| 000 | 00728cam a22002292 4500 | ||
|---|---|---|---|
| 001 | 0000002446 | ||
| 005 | 20151217151854.0 | ||
| 008 | 070411s xx 000 0 eng d | ||
| 020 |
_a0072478640 : _cKES00 (don.) |
||
| 040 |
_aKABU _cKABU |
||
| 050 | 0 |
_aHF5657.4 _b.E35 |
|
| 100 | 1 |
_aEdmonds, Thomas P. _@0000151809 |
|
| 245 | 1 | 0 |
_aFundamental managerial accounting concepts / _cThomas P. Edmonds, Cindy D. Edmonds, Bor-Yi Tsay. |
| 260 |
_aBoston : _bIrwin, _c2000. |
||
| 300 | _axvii, 625 p. | ||
| 650 | 0 |
_aManagerial accounting. _@0000151472 |
|
| 700 | 1 |
_aEdmonds, Cindy D. _@0000151810 |
|
| 700 | 1 |
_aTsay, Bor-Yi. _@0000151811 |
|
| 908 | _a070411 | ||
| 950 | _@1 | ||
| 999 |
_c5861 _d5861 |
||